01125nam a22002057a 450000500170000000800410001702000180005804100120007608200150008810000240010324500330012726000360016030000080019636500180020452004910022265000340071394200070074799900190075495201460077320250912143146.0250909b |||||||| |||| 00| 0 eng d a9788184990003 aEnglish a372,6bVAS aVas Gratian9212963 aEnglish Grammar for Everyone aMumbaibShree Book Centrec2020 a576 b482.86cRs.00 a1. The Sentence 2. Basic Sentence Patterns 3. Phrases And Clauses 4. The Main Classes of Words 5. Noun 6. The Verb 7. Verbals 8. Forming And Using Verbs 9. Verb Tenses 10. The Modal Verb 11. Verb Moods 12. Active And Passive Voice 13. Direct And Indirect Speech 14. The Pronoun 15. Adjective 16. The Adverb 17. The Preposition 18. The Conjunction 19. The Interjection 20. The Article 21. Modifiers 22. Building Phrases & Clauses 23. Building Sentences 24. Punctuation aEnglish Communication9212964 cBK c367675d367675 00102ddc4070aSOFTbSOFTd2025-09-08eAmazon.ing482.86iPNQ3-123l0o372,6 VASpSOFT-BK-4573r2025-09-09 00:00:00v599.00w2025-09-03yBK